Clic A quoi associez-vous ces médecines alternatives ? - Statistiques

Statistiques générales
  • Ce quiz a été pris 221 fois
  • Le résultat moyen est 17 sur 48
Statistiques - réponses
Hint Réponse % Correct
Urinothérapie Urine
65%
Massothérapie Massages
63%
Musicothérapie Musique
63%
Dentisterie holistique Dents
62%
Organothérapie Organes ou tissus
62%
Ozonothérapie Ozone
62%
Electrothérapie Electricité
61%
Acupuncture Aiguilles
60%
Infrathérapie Infrarouges
54%
Oligothérapie Oligo-éléments
54%
Luminopuncture Lumière en faisceau
53%
Vertébrothérapie Colonne vertébrale
52%
Balnéothérapie Eau
52%
Instinctothérapie Instinct alimentaire
50%
Yogathérapie Postures
50%
Manupuncture Main
48%
Auriculothérapie Oreille
48%
Magnétothérapie Aimants
47%
Mycothérapie Champignons
47%
Luminothérapie Exposition à la lumière
47%
Aromathérapie Huiles essentielles
47%
Thalassothérapie Eau de mer
46%
Crudivorisme Aliments crus
45%
Chromathérapie Couleurs
45%
Héliothérapie Rayons du soleil
45%
Phytothérapie Plantes médicinales
42%
Apithérapie Miel
40%
Biorythme Cycles biologiques
39%
Ostéopathie Manipulations
38%
Homéopathie Doses infinitésimales
30%
Fasciathérapie Membranes du corps
25%
Réflexologie Pressions
22%
Alicamentation Régime alimentaire
21%
Helmintique Parasites
15%
Haptonomie Femmes enceintes
13%
Linothérapie Cristaux et roches
12%
Radiesthésie Pendule
12%
Fangothérapie Boue
11%
Géobiologie Environnement
10%
Médecine dosimétrique Alcaloïdes des plantes
8%
Hirudothérapie Sangsues
8%
Crénothérapie Eaux minérales
6%
Chélation Traitement du sang
5%
Pélothérapie Boue d'eau minérale
4%
Inédie Jeûne
3%
Gemmothérapie Jeunes pousses
3%
Gélothérapie Rire
3%
Spagyrie Remèdes alchimiques
1%
Aucun quiz correspondant
Distribution des résultats
% des personnes avec chaque résultat
Percentile par nombre de réponses
Votre historique - résultats
Vous n’avez pas pris ce quiz